000 00901nam a22003252 4500
999 _c7602
_d7602
001 7602
003 BD - JhCC
005 20181006175635.0
008 850128s1964 enkad 000 0 eng d
035 _a(BD - JhCC)7602
040 _aEUW
_cEUW
_dEQO
_dBD - JhCC
041 _aeng
082 _bDAN 1964
_a616.9883
096 _aQT180
_b1964
_fD18h
100 1 _aDaniel, F.
_q(Frederick)
245 1 0 _aHealth science and physiology for tropical schools /
_cby F. Daniel.
250 _a2nd ed.
260 _aLondon :
_bOxford University Press,
_c1964.
300 _aix, 307 p., 1 folded leaf of plates :
_bill., chart ;
_c19 cm.
650 2 _aAnatomy.
650 2 _aPhysiology.
650 2 _aHealth.
650 2 _aTropical Medicine.
650 0 _aHuman anatomy.
650 0 _aHuman physiology.
650 0 _aHealth.
650 0 _aTropical medicine.
942 _2ddc
_cBK